| 000 | 00460nam a2200133Ia 4500 | ||
|---|---|---|---|
| 008 | 170221s9999 xx 000 0 und d | ||
| 100 | _aWeijun Yang. | ||
| 245 | 2 | _aA Fast Algorithm for Multicast Routing Subject to Multiple QoS Constrains in WMNs | |
| 245 | _cWeijun Yang and Yun Zhang. | ||
| 260 | _bJournal of Communications | ||
| 650 | _xCommunication | ||
| 650 | _xMedia Arts | ||
| 856 | _uhttp://www.jocm.us/index.php?m=content&c=index&a=lists&catid=165 | ||
| 999 |
_c312430 _d312430 |
||